000 00294nam a22001337a 4500
008 170920b xxu||||| |||| 00| 0 eng d
020 _a9780070110700
041 _aeng
080 _26 ED
_a7
100 _a45
101 _aART
245 _aWESTERN EXPERIENCE
_cCHAMBERS.M
942 _2udc
_cBK
999 _c28433
_d28433